000 00326nam a22001337a 4500
008 170418b xxu||||| |||| 00| 0 eng d
020 _a9781935660033
041 _aeng
080 _25 ED
_a579
100 _a11
101 _aSHM
245 _aCLINICAL MICROBIOLOGY MADE RIDICULOUSLY SIMPLE
_cGLADWIN.M
942 _2udc
_cBK
999 _c10908
_d10908